words start G [250 common english words] - Statistics

General Stats
  • This quiz has been taken 16 times
  • The average score is 4 of 6
Answer Stats
Hint Answer % Correct
2 go
100%
1 get
79%
5 give
79%
4 great
79%
3 good
71%
6 grow
36%
No matching quizzes found
Score Distribution
Percent of People with Each Score
Percentile by Number Answered
Your Score History
You have not taken this quiz